Manual del ingeniero constructor y del arquitecto / (Record no. 64357)

MARC details
000 -LEADER
campo de control de longitud fija 00572nam a2200169 i 4500
001 - NÚMERO DE CONTROL
campo de control 64357
003 - IDENTIFICADOR DE NÚMERO DE CONTROL
campo de control ES-MaACL
005 - FECHA Y HORA DE LA ÚLTIMA TRANSACCIÓN
campo de control 20230906165118.0
007 - CAMPO FIJO DE DESCRIPCIÓN FÍSICA--INFORMACIÓN GENERAL
campo de control de longitud fija t|
008 - DATOS DE LONGITUD FIJA--INFORMACIÓN GENERAL
campo de control de longitud fija 031223m19261930sp ||||1| spa d
100 1# - ENTRADA PRINCIPAL--NOMBRE DE PERSONA
Nombre de persona Foerster, Max.
9 (RLIN) 51403
245 10 - MENCIÓN DEL TÍTULO
Título Manual del ingeniero constructor y del arquitecto /
Mención de responsabilidad, etc. por Max Foerster asistido por diversos especialistas ; versión española dirigida por E. Terradas.
260 ## - PUBLICACIÓN, DISTRIBUCIÓN, ETC.
Lugar de publicación, distribución, etc. Madrid :
Nombre del editor, distribuidor, etc. Espasa-Calpe,
Fecha de publicación, distribución, etc. 1926-1930.
300 ## - DESCRIPCIÓN FÍSICA
Extensión 2 v. :
Otras características físicas il. ;
Dimensiones 20 cm.
700 1# - ENTRADA AGREGADA--NOMBRE PERSONAL
Nombre de persona Terradas, Esteban.
9 (RLIN) 109767
852 ## - LOCALIZACIÓN
Ubicación ES-MaACL
Número de control de estantería A-1810-11
Holdings
Estatus retirado Estado de pérdida Estado de daño No para préstamo Biblioteca de origen Biblioteca actual Ubicación en estantería Fecha de adquisición Fuente de adquisición Total de préstamos Signatura topográfica completa Código de barras Visto por última vez Precio de reemplazo Tipo de ítem Koha
        Biblioteca del Ateneo de Madrid Biblioteca del Ateneo de Madrid Sala Pecera Planta 1 17/01/2008     A-1810-11 1067440 23/02/2023 23/02/2023 Libro impreso